| 000 | 00403 a2200157 4500 | ||
|---|---|---|---|
| 005 | 20250626132210.0 | ||
| 020 | _a9780073192628 | ||
| 082 | _a658.15 ROS | ||
| 100 | _aROSS,A.S. | ||
| 245 | _aFundamentals of Corporate Finance | ||
| 250 | _a7th Ed. | ||
| 260 |
_aNew York. _bMc Graw Hill, _c2006 |
||
| 300 |
_axxvii,844p.:ill. _bIndex _c26cm. |
||
| 700 | _aJORDAN, B. & WESTERFIELD, R. | ||
| 942 |
_2ddc _cBKS |
||
| 999 |
_c5352 _d5352 |
||